Open Data Biblioteca Nacional de Portugal


República Portuguesa: Ministério da Cultura
Biblioteca Nacional de Portugal

Catálogo da BNP: acesso por Identificadores Unívocos
Registos Bibliográficos associados ao registo de autoridade

Etiqueta de registo: 00000nkm 2200025 450
001 2273106
003 http://id.bnportugal.gov.pt/bib/catbnp/2273106
100 ## $a20260227d1988 m y0pory01030103ba
101 0# $apor
102 ## $aPT
200 1# $aTrófeu Joaquim Agostinho, 10.º Grande Prémio Internacional, cicliso, quarta, 2 a 7 jul. 88$bVisual gráfico]$fCâmara Municipal de Torres Vedras
210 #9 $aTorres Vedras$cCâmara Municipal de Torres Vedras,$d1988
215 ## $a1 cartaz$cp&b.$d42,1x29,7 cm
317 ## $aColeção Madeira Luís
710 02 $aGrande Prémio Internacional (Troféu Joaquim Agostinho),$d10,$eTorres Vedras,$f1988$31987915
712 01 $aTorres Vedras.$bCâmara Municipal$319580
801 #0 $aPT$bBN$gRPC
966 ## $lBN$mICONOG$sCT. 15196 V.$x3
971 ## $cCaticonografia9$d20260227
995 ## $aPRR2026

OpendataBNP@bnportugal.pt | Mais informação sobre acesso aos dados BNP